书目信息 |
| 题名: |
大宗商品电子交易市场理论与实践
|
|
| 作者: | 冯耕中 , 卢继周 , 赵绍辉 著 | |
| 分册: | ||
| 出版信息: | 北京 科学出版社 2016 |
|
| 页数: | 359页 | |
| 开本: | 24cm | |
| 丛书名: | ||
| 单 册: | ||
| 中图分类: | F713.58 | |
| 科图分类: | ||
| 主题词: | 商品市场--电子商务--研究 | |
| 电子资源: | ||
| ISBN: | 978-7-03-048991-3 | |
| 000 | 01026nam0 2200265 450 | |
| 001 | 012001005796 | |
| 005 | 20080820135434.0 | |
| 010 | @a978-7-03-048991-3@b精装@dCNY138.00 | |
| 100 | @a20160921d2016 em y0chiy50 ea | |
| 101 | 0 | @achi |
| 102 | @aCN@b110000 | |
| 105 | @ay z 000yy | |
| 106 | @ar | |
| 200 | 1 | @a大宗商品电子交易市场理论与实践@9da zong shang pin dian zi jiao yi shi chang li lun yu shi jian@f冯耕中,卢继周,赵绍辉著 |
| 210 | @a北京@c科学出版社@d2016 | |
| 215 | @a359页@d24cm | |
| 300 | @a国家自然科学基金项目支持 国家科技支撑计划项目课题支持 | |
| 330 | @a本书从理论和实践两个方面对大宗商品电子交易市场进行了系统的梳理和分析,内容包括:国际大宗商品交易市场发展分析、中国大宗商品电子交易市场发展分析、大宗商品电子交易市场商业模式分析等。 | |
| 606 | 0 | @a商品市场@x电子商务@x研究 |
| 690 | @aF713.58@v5 | |
| 701 | 0 | @a冯耕中@9feng geng zhong@4著 |
| 701 | 0 | @a卢继周@9lu ji zhou@4著 |
| 701 | 0 | @a赵绍辉@9zhao shao hui@4著 |
| 801 | 0 | @aCN@b上海新华@c20180901 |
| 905 | @b1168050-2@dF713.58@e1117@f3 | |
| 大宗商品电子交易市场理论与实践/冯耕中,卢继周,赵绍辉著.-北京:科学出版社,2016 |
| 359页;24cm |
| 国家自然科学基金项目支持 国家科技支撑计划项目课题支持 |
| ISBN 978-7-03-048991-3(精装):CNY138.00 |
| 本书从理论和实践两个方面对大宗商品电子交易市场进行了系统的梳理和分析,内容包括:国际大宗商品交易市场发展分析、中国大宗商品电子交易市场发展分析、大宗商品电子交易市场商业模式分析等。 |
| ● |
| 相关链接 |
|
|
|
|
正题名:大宗商品电子交易市场理论与实践
索取号:F713.58/1117
 
预约/预借
| 序号 | 登录号 | 条形码 | 馆藏地/架位号 | 状态 | 备注 |
| 1 | 1168050 | 211680509 | 第一样本阅览室/ [索取号:F713.58/1117] | 在馆 | |
| 2 | 1168051 | 211680518 | 第一借阅区/ [索取号:F713.58/1117] | 在馆 | |
| 3 | 1168052 | 211680527 | 密集书库-海洋学院/ [索取号:F713.58/1117] | 在馆 |